El ángel más tonto del mundo / (Record no. 184053)

MARC details
000 -LEADER
campo de control de longitud fija 00830nam a2200241 i 4500
001 - NÚMERO DE CONTROL
campo de control 184053
003 - IDENTIFICADOR DE NÚMERO DE CONTROL
campo de control ES-MaACL
005 - FECHA Y HORA DE LA ÚLTIMA TRANSACCIÓN
campo de control 20251105063137.0
008 - DATOS DE LONGITUD FIJA--INFORMACIÓN GENERAL
campo de control de longitud fija 150225s2008 sp |||| | spa d
020 ## - NÚMERO INTERNACIONAL ESTÁNDAR DEL LIBRO
Número Internacional Estándar del Libro 978-84-9800-364-2
080 ## - NÚMERO DE LA CLASIFICACIÓN DECIMAL UNIVERSAL
Número de la Clasificación Decimal Universal 821.111(73)-31"19"
100 1# - ENTRADA PRINCIPAL--NOMBRE DE PERSONA
Nombre de persona Moore, Christopher,
Fechas asociadas al nombre 1957-
9 (RLIN) 156452
245 13 - MENCIÓN DEL TÍTULO
Título El ángel más tonto del mundo /
Mención de responsabilidad, etc. Christopher Moore ; traducción, Omar El-Kashef.
250 ## - MENCION DE EDICION
Mención de edición 3ª ed.
260 ## - PUBLICACIÓN, DISTRIBUCIÓN, ETC.
Lugar de publicación, distribución, etc. Arganda del Rey, Madrid :
Nombre del editor, distribuidor, etc. La Factoría de Ideas,
Fecha de publicación, distribución, etc. 2008.
300 ## - DESCRIPCIÓN FÍSICA
Extensión 249 p. ;
Dimensiones 19 cm.
490 1# - MENCIÓN DE SERIE
Mención de serie [Bolsillo de ideas] ;
Designación de volumen o secuencia 3.
Mención de serie Novela
586 ## - NOTA DE PREMIOS
Nota de premios Novela ganadora del Quill Book Award
830 0# - PUNTO DE ACCESO ADICIONAL DE SERIE-TÍTULO UNIFORME
Título uniforme [Bolsillo de ideas] ;
Designación de volumen o secuencia 3.
Título uniforme Novela
9 (RLIN) 225036
852 ## - LOCALIZACIÓN
Ubicación ES-MaACL
Número de control de estantería A-13427
itemnumber 191019
Sublocalización o colección R.150242
Ubicación en estantería Depósito 1
Signatura antigua Olim: N-6427
942 ## - ELEMENTOS DE ENTRADA SECUNDARIOS (KOHA)
Fuente del sistema de clasificación o colocación Clasificación decimal universal
Holdings
Estatus retirado Estado de pérdida Fuente del sistema de clasificación o colocación Estado de daño No para préstamo Biblioteca de origen Biblioteca actual Ubicación en estantería Fecha de adquisición Fuente de adquisición Total de préstamos Signatura topográfica completa Código de barras Visto por última vez Precio de reemplazo Tipo de ítem Koha
    Clasificación decimal universal     Biblioteca del Ateneo de Madrid Biblioteca del Ateneo de Madrid Depósito 1 25/02/2015 Donación   A-13427 1193540 23/02/2023 23/02/2023 Libro impreso